| 000 | 01695nam a2200397 a 4500 | ||
|---|---|---|---|
| 001 | ebr10575491 | ||
| 003 | CaPaEBR | ||
| 006 | m u | ||
| 007 | cr cn||||||||| | ||
| 008 | 790621s1979 ne ad sb 101 0 eng d | ||
| 010 | _z 79017092 | ||
| 020 | _z0444900888 (Elsevier/North-Holland) | ||
| 020 | _z9021940744 | ||
| 020 | _z9780470663790 | ||
| 020 | _z9780470718193 (e-book) | ||
| 040 |
_aCaPaEBR _cCaPaEBR |
||
| 035 | _a(OCoLC)649841599 | ||
| 050 | 1 | 4 |
_aQR188.35 _b.S95 1978eb |
| 082 | 0 | 4 | _a616.3/99 |
| 111 | 2 |
_aSymposium on Enzyme Defects and Immune Dysfunction _d(1978 : _cLondon, England) |
|
| 245 | 1 | 0 |
_aEnzyme defects and immune dysfunction _h[electronic resource]. |
| 260 |
_aAmsterdam ; _aNew York : _bExcerpta Medica, _c1979. |
||
| 300 |
_aix, 289 p. : _bill. |
||
| 490 | 1 |
_aCiba Foundation symposium. New series ; _v68 |
|
| 500 | _a"Symposium on Enzyme Defects and Immune Dysfunction, held at the Ciba Foundation, London, 7th-9th November 1978"--Participants page. | ||
| 504 | _aIncludes bibliographical references and indexes. | ||
| 533 |
_aElectronic reproduction. _bPalo Alto, Calif. : _cebrary, _d2013. _nAvailable via World Wide Web. _nAccess may be limited to ebrary affiliated libraries. |
||
| 650 | 0 |
_aImmunological deficiency syndromes _vCongresses. |
|
| 650 | 0 |
_aAdenosine deaminase _vCongresses. |
|
| 650 | 0 |
_aPurines _xMetabolism _vCongresses. |
|
| 650 | 0 |
_aEnzymes _vCongresses. |
|
| 655 | 7 |
_aElectronic books. _2local |
|
| 710 | 2 | _aebrary, Inc. | |
| 830 | 0 |
_aCiba Foundation symposium. _pNew series ; _v68. |
|
| 856 | 4 | 0 |
_uhttp://site.ebrary.com/lib/rucke/Doc?id=10575491 _zAn electronic book accessible through the World Wide Web; click to view |
| 999 |
_c78145 _d78145 |
||